[Event "21st Hoogeveen Matches 2017"]
[Site "Hoogeveen"]
[Date "2017.10.21"]
[Round "1"]
[White "Ivanchuk, Vassily"]
[Black "Wei, Yi"]
[Result "1/2-1/2"]
[WhiteElo "2732"]
[BlackElo "2740"]
[Annotator "TA"]
[PlyCount "85"]
[EventDate "2017.??.??"]
[EventType "match"]
[EventCountry "NED"]
[SourceTitle "playchess.com"]
[Source "ChessBase"]
[SourceQuality "1"]

{[%evp 19,85,24,17,18,19,13,14,0,0,0,4,0,12,-20,0,0,0,0,0,0,0,0,0,0,0,0,0,0,0,0,0,0,8,8,9,10,10,10,10,0,0,0,0,0,0,0,8,0,0,0,0,0,0,0,0,0,0,0,0,0,6,6,6,6,6,6,6,6]} 1. d4 Nf6 2. c4 e6 3. Nc3 Bb4 4. Qc2 O-O 5. a3 Bxc3+ 6. Qxc3 d5 7. Bg5 h6 {E36: Nimzo-Indian: Classical: 4...d5 5 a3} (7... dxc4 8. Qxc4 b6 9. Rc1 Ba6 10. Qa4 Qd7 11. Qxd7 Nbxd7 12. Bxf6 Nxf6 13. e3 Bxf1 14. Kxf1 c5 15. dxc5 bxc5 {½-½ (38) Grachev,B (2654)-Andreikin,D (2708) Sochi 2017}) 8. Bxf6 Qxf6 9. Nf3 dxc4 10. Qxc4 Nc6 {LiveBook: 5 Games} 11. Qc3 {The position is equal.} Re8 12. Rd1 e5 13. d5 Nb8 14. e4 c6 15. Bc4 Bg4 $146 ({Predecessor:} 15... cxd5 16. Bxd5 Nd7 17. O-O Nb6 18. Rfe1 Bg4 19. Bxb7 Rab8 20. Bd5 Bxf3 21. Qxf3 {½-½ (21) Galanov,S (2502)-Lennartz,M (2430) Remote email 2013}) 16. h3 (16. O-O {feels hotter.} cxd5 17. Bxd5 Nd7 18. Rc1 Rab8 19. Nd2) 16... Bxf3 17. Qxf3 Qxf3 18. gxf3 cxd5 19. Bxd5 Nc6 20. Bxc6 bxc6 $11 {[%mdl 4096] Endgame KRR-KRR} 21. Ke2 Reb8 22. Rd2 Rb3 23. Rc1 Rab8 24. Rxc6 Rxb2 25. Ra6 Rxd2+ 26. Kxd2 {KR-KR} Rb1 27. Rxa7 Rh1 28. Ke2 Rxh3 29. Rd7 f5 $1 30. exf5 Rh4 31. Ra7 Rf4 32. a4 Rxf5 33. a5 Kh7 34. Re7 e4 35. fxe4 Rxa5 36. Kf3 Kg6 37. Re6+ Kf7 38. Rb6 h5 39. Kg3 g5 40. Rh6 Ra3+ 41. f3 g4 42. Rxh5 gxf3 43. Rf5+ {Precision: White = 75%, Black = 87%.} 1/2-1/2

[Event "21st Hoogeveen Matches 2017"]
[Site "Hoogeveen"]
[Date "2017.10.21"]
[Round "1"]
[White "Adhiban, B.."]
[Black "Van Foreest, Jorden"]
[Result "1/2-1/2"]
[WhiteElo "2671"]
[BlackElo "2609"]
[Annotator "TA"]
[PlyCount "80"]
[EventDate "2017.??.??"]
[EventType "match"]
[EventCountry "NED"]
[SourceTitle "playchess.com"]
[Source "ChessBase"]
[SourceQuality "1"]

{[%evp 17,80,14,18,0,0,0,0,0,0,0,37,40,37,37,37,37,39,38,67,66,91,89,89,90,104,86,106,97,104,110,114,105,139,108,174,178,170,167,167,167,170,170,171,171,172,161,166,154,154,103,175,109,178,99,160,152,156,141,146,0,0,0,0,0,0]} 1. d4 d5 2. c4 dxc4 3. Nf3 Nf6 4. e3 e6 5. Bxc4 c5 6. O-O Nc6 7. Nc3 a6 8. dxc5 Qxd1 9. Rxd1 Bxc5 10. b3 {D27: Queen's Gambit Accepted: Classical main line: 7 e4!? and 7 a4} (10. Be2 O-O 11. Bd2 Bd7 12. Rac1 Ba7 13. Ng5 Rfd8 14. Nce4 Nxe4 15. Nxe4 Be8 16. Be1 Rxd1 17. Bxd1 Ne5 {½-½ (38) Jakovenko,D (2710)-Giri,A (2762) Antalya 2017}) 10... b5 11. Nxb5 $146 (11. Be2 {looks sharper.} O-O 12. a3 Be7 13. b4 Bb7 14. Bb2) ({Predecessor:} 11. Be2 Bb7 12. Bb2 O-O 13. Rac1 Be7 14. Kf1 Rfd8 15. h3 Rxd1+ 16. Rxd1 Rd8 17. Rxd8+ Bxd8 {½-½ (17) Resende,A (2402)-Braga,C (2412) Havana 2006}) 11... axb5 12. Bxb5 Bb7 13. Bb2 $1 {[%cal Rb2f6] Strongly threatening Bxf6.} O-O 14. Rdc1 $1 {[%cal Rc1c5]} Nd7 $1 {[#]} 15. b4 $1 {[%cal Rb4c5][%mdl 512]} Nxb4 {White must now prevent ...Bc6.} (15... Bxb4 16. Bxc6) 16. Bxd7 Nd3 17. Rc3 Nxb2 18. Rxc5 Nd3 19. Rc3 Bxf3 20. Rxd3 Be4 21. Rd4 Bd5 22. a4 Rfb8 23. Rc1 Bb3 24. f4 h6 25. Bb5 Ra5 (25... f5 $16 26. Rc7 Rc8 27. Rxc8+ Rxc8) 26. Rc3 $18 Ba2 27. Rc7 e5 28. fxe5 Raxb5 29. axb5 Rxb5 {[%mdl 4096] Endgame KRR-KRB} 30. Rd8+ Kh7 31. Re7 Be6 32. Rf8 Kg6 33. Kf2 (33. Ra7 $142) 33... Rb4 (33... Rb2+ $16 {keeps fighting.} 34. Kg3 Rb3) 34. h3 ({Better is} 34. Ra7 $18) 34... h5 (34... Rb2+ $16 35. Kf3 Rb5) 35. Kg3 (35. Ra7 $18) 35... Ra4 ({Black should try} 35... Rb3) 36. Rd8 Re4 37. Kf3 Rxe5 38. e4 (38. Kf2 $16) 38... Bg4+ $1 $11 {The position is equal.} 39. hxg4 hxg4+ 40. Kxg4 Rxe7 {Precision: White = 38%, Black = 48%.} 1/2-1/2

[Event "21st Hoogeveen Matches 2017"]
[Site "Hoogeveen"]
[Date "2017.10.22"]
[Round "2"]
[White "Wei, Yi"]
[Black "Ivanchuk, Vassily"]
[Result "1/2-1/2"]
[WhiteElo "2740"]
[BlackElo "2732"]
[Annotator "TA"]
[PlyCount "57"]
[EventDate "2017.??.??"]
[EventType "match"]
[EventCountry "NED"]
[SourceTitle "playchess.com"]
[Source "ChessBase"]
[SourceQuality "1"]

{[%evp 19,57,30,41,0,28,25,17,12,83,84,60,14,39,37,38,4,14,0,-5,-4,-15,-9,-8,-8,-8,-8,-8,-18,0,0,0,0,0,0,0,0,0,0,0,0]} 1. e4 c5 2. Nf3 e6 3. Nc3 a6 4. Be2 d6 5. d4 cxd4 6. Nxd4 Nf6 7. Be3 Qc7 8. Qd2 b5 9. f3 {B84: Sicilian Scheveningen: 6 Be2 a6, lines without early Be3} Nbd7 10. a3 h5 {LiveBook: 3 Games} 11. O-O {White is slightly better.} Bb7 12. Rfd1 $146 ({Predecessor:} 12. Rad1 Be7 13. Bg5 O-O 14. Kh1 Rfe8 15. Bd3 d5 16. exd5 Nxd5 17. Bxe7 Rxe7 {1-0 (56) Shirov,A (2695)-Van Wely,L (2585) Amsterdam 1995}) 12... d5 13. exd5 Nxd5 (13... Bxd5 $11 14. Bf4 (14. Nxd5 Nxd5 15. Bf2 Bd6 $11) 14... Bd6 15. Bxd6 Qxd6) 14. Nxd5 $16 Bxd5 15. Bf4 Bd6 16. Bxd6 Qxd6 17. Nf5 Qe5 {The position is equal.} 18. Bd3 g6 19. Re1 $132 {[%mdl 2048] White has counterplay} Qxb2 20. Bxb5 $1 ({Much worse is} 20. Nd6+ Ke7 $15) 20... gxf5 21. Bxd7+ Kxd7 22. Reb1 $1 {[%cal Rb1b2]} Qe5 {[#] White must now prevent ...Rhc8.} 23. c4 $1 {[%cal Rc4d5]} Rhb8 24. h4 Ke7 25. cxd5 Qxd5 26. Qg5+ Kf8 27. Qh6+ Ke7 {[#] Strongly threatening ...Qd4+.} 28. Qg5+ Kf8 29. Qh6+ {Precision: White = 68%, Black = 58%.} 1/2-1/2

[Event "21st Hoogeveen Matches 2017"]
[Site "Hoogeveen"]
[Date "2017.10.23"]
[Round "2"]
[White "Van Foreest, Jorden"]
[Black "Adhiban, B.."]
[Result "0-1"]
[WhiteElo "2609"]
[BlackElo "2671"]
[Annotator "TA"]
[PlyCount "144"]
[EventDate "2017.??.??"]
[EventType "match"]
[EventCountry "NED"]
[SourceTitle "playchess.com"]
[Source "ChessBase"]
[SourceQuality "1"]

{[%evp 14,144,23,14,20,16,34,4,15,10,37,46,57,44,41,0,26,21,50,-89,-116,-170,-165,-164,-130,-130,-130,-130,-129,-126,-129,-129,-128,-166,-159,-166,-150,-166,-156,-162,-162,-166,-150,-162,-156,-210,-211,-221,-229,-227,-218,-218,-229,-222,-212,-229,-220,-263,-259,-239,-200,-200,-200,-175,-173,-180,-174,-186,-182,-186,-183,-204,-204,-277,-280,-278,-271,-242,0,-3,0,-243,-237,-194,-193,-289,-283,-286,-149,-168,0,-281,-281,-281,-274,-266,-274,-274,-267,-267,-267,-606,-584,-567,-565,-553,-536,-531,-499,-475,-460,-383,-368,-653,-648,-12842,-12843,-12843,-12843,-12844,-12844,-12845,-12845,-12845,-12846,-12848,-12847,-12848,-12844,-12845,-12844,-12844,-12845]} 1. e4 e5 2. Nf3 Nc6 3. Bc4 Nf6 4. d3 Bc5 5. c3 d6 6. O-O a6 7. a4 {C54: Giuoco Piano: 4 c3 Nf6, main lines with 5 d4 and 5 d3} Ba7 (7... h6 8. Re1 O-O 9. h3 a5 10. Nbd2 Be6 11. Bb5 Na7 12. d4 exd4 13. cxd4 Bb4 14. Bd3 d5 15. e5 Nd7 {½-½ (76) Vachier Lagrave,M (2804)-Svidler,P (2751) Tbilisi 2017}) 8. Re1 {LiveBook: 66 Games} Ng4 9. Re2 {The position is equal.} Qf6 10. Na3 O-O 11. Nc2 Be6 $146 ({Predecessor:} 11... Qg6 12. Kf1 Kh8 13. h3 Nh6 14. Ne3 Qh5 {0-1 (32) Paszewski,M (2289)-Kuljasevic,D (2549) Hoogeveen 2017}) 12. h3 Nh6 13. Bg5 Qg6 14. Qd2 Bxc4 15. dxc4 Na5 {Threatens to win with ...Nb3.} 16. Nh4 (16. Bxh6 $14 gxh6 17. Qd5) 16... Qh5 $17 17. Kh2 (17. Bxh6 $17 Qxh4 18. Qd5) 17... Nxc4 $19 18. g4 Qxh4 ({Much less strong is} 18... Nxd2 19. gxh5 Nb3 20. Rg1 $15) 19. Bxh4 Nxd2 20. Rxd2 {aiming for g5.} f6 21. a5 Nf7 22. f3 Nd8 23. Nb4 Ne6 24. Nd5 Kf7 25. Bf2 Bxf2 26. Rxf2 Rad8 27. Rd1 {[#]} h5 $1 {[%mdl 512]} 28. Kg3 (28. gxh5 Rh8) 28... Rh8 29. h4 (29. Rh2 $17) 29... g5 30. hxg5 Nxg5 {Hoping for ...hxg4.} 31. Rh1 hxg4 32. Rxh8 Rxh8 33. Kxg4 {[%mdl 4096] Endgame KRN-KRN} Rg8 34. Kh4 Ne6 35. Rd2 Rg1 36. Rd3 Ra1 37. b4 Rg1 38. Kh3 Rg8 {...c6 is the strong threat.} 39. Kh2 Rd8 40. Rd2 c6 41. Ne3 Nf4 42. Nf5 d5 43. Kg3 Rg8+ 44. Kf2 {Black must now prevent Nh6+.} Ke6 45. Ke3 Ng2+ $2 (45... Rg1 $19 {And now ...Rc1 would win.} 46. Rh2 Rd1) 46. Kf2 $1 $11 Nf4 $2 (46... Kd7 $11) 47. Ke3 $19 Rh8 48. c4 Rh1 ({And not} 48... dxc4 49. Rd6+ Kf7 50. Kd2 $11) 49. cxd5+ (49. Nd4+ $142 Ke7 50. Nf5+ Kd7 51. exd5 cxd5 52. cxd5) 49... cxd5 50. Ng7+ Kf7 ({Better is} 50... Kd7 $19 51. exd5 Re1+ 52. Kf2 Rb1) 51. Nf5 $17 Ke6 (51... Rb1 $142 52. exd5 Rb3+ 53. Kf2 Rxb4) 52. Ng7+ $19 Kd7 53. exd5 Re1+ 54. Kf2 Rb1 55. Nf5 Rxb4 56. Ne3 Rd4 57. Rxd4 $2 (57. Ra2) 57... exd4 {KN-KN} 58. Nf5 d3 59. Ke3 Nxd5+ 60. Kxd3 {[#]} Nb4+ $1 61. Ke4 Nc6 62. Ne3 Nxa5 63. Kf5 $2 (63. Kd5) 63... b5 {[%cal Bb7b5,Bb5b4,Bb4b3,Bb3b2][%mdl 32] Black is clearly winning.} 64. Kxf6 b4 65. f4 b3 66. Nd1 Nc4 67. f5 b2 68. Nc3 a5 {[%cal Ba6a5,Ba5a4][%mdl 32]} 69. Kg7 {[#]} a4 $1 {[%mdl 512]} 70. f6 (70. Nxa4 b1=Q) 70... Ne5 {( -> ...a3)} 71. Nb1 Ke6 72. Na3 Kd5 {Precision: White = 47%, Black = 81%.} 0-1

[Event "21st Hoogeveen Matches 2017"]
[Site "Hoogeveen"]
[Date "2017.10.23"]
[Round "3"]
[White "Ivanchuk, Vassily"]
[Black "Wei, Yi"]
[Result "1-0"]
[WhiteElo "2732"]
[BlackElo "2740"]
[Annotator "TA"]
[PlyCount "49"]
[EventDate "2017.??.??"]
[EventType "match"]
[EventCountry "NED"]
[SourceTitle "playchess.com"]
[Source "ChessBase"]
[SourceQuality "1"]

{[%evp 15,49,21,37,0,0,0,14,8,12,11,30,14,18,-8,14,0,6,12,46,57,75,68,516,514,511,503,578,591,750,735,787,772,1219,1096,1122,1103]} 1. d4 Nf6 2. c4 e6 3. Nc3 Bb4 4. Nf3 d5 5. cxd5 exd5 6. Bg5 h6 7. Bh4 O-O {D38: Queen's Gambit Declined: Ragozin Defence (4 Nf3 Bb4)} 8. e3 Bf5 {LiveBook: 16 Games} 9. Rc1 (9. Qb3 $5 {[%cal Rb3b4]} Nc6 10. Be2 $11) (9. Qb3 Bxc3+ 10. Qxc3 Nbd7 11. Be2 c6 12. Nd2 Ne4 13. Bxd8 Nxc3 14. bxc3 Rfxd8 15. f3 {0-1 (70) Le,Q (2739)-Vidit,S (2693) Tbilisi 2017}) 9... Nbd7 {The position is equal.} 10. Qb3 $146 ({Predecessor:} 10. a3 Bxc3+ 11. Rxc3 g5 12. Bg3 Ne4 13. Rc1 c5 14. dxc5 Qa5+ 15. Nd2 {½-½ (23) Zhou,J (2612)-Zhang,Z (2634) China 2016}) 10... Bxc3+ 11. Rxc3 c6 12. Nd2 Qa5 13. f3 Rfe8 14. Kf2 {[%cal Be1f2,Bf2e3,Be3d4][%mdl 32]} Rac8 15. Be2 c5 $132 {[%mdl 2048] Black is not keeping still} 16. dxc5 Rxc5 17. Rhc1 {And now Bxf6 would win.} g5 18. Bg3 Rxe3 $2 {[%mdl 8192] [#]} (18... Rec8 $1 $14) 19. Kxe3 $18 {White is clearly winning.} d4+ 20. Kxd4 Re5 21. Bd3 Be6 22. Qxb7 Kg7 23. Ne4 Nd5 24. Bxe5+ Nxe5 25. Rc5 {Precision: White = 60%, Black = 28%.} 1-0

[Event "21st Hoogeveen Matches 2017"]
[Site "Hoogeveen"]
[Date "2017.10.23"]
[Round "3"]
[White "Adhiban, B.."]
[Black "Van Foreest, Jorden"]
[Result "0-1"]
[WhiteElo "2671"]
[BlackElo "2609"]
[Annotator "TA"]
[PlyCount "98"]
[EventDate "2017.??.??"]
[EventType "match"]
[EventCountry "NED"]
[SourceTitle "playchess.com"]
[Source "ChessBase"]
[SourceQuality "1"]

{[%evp 17,98,17,16,22,36,6,12,0,4,0,0,0,9,9,1,4,10,9,31,38,38,37,41,40,33,-13,-13,-12,-12,-16,-16,-10,-11,-86,0,-62,26,0,0,-47,-51,-47,-47,-379,-402,-392,-389,-374,-381,-371,-375,-358,-355,-361,-354,-354,-354,-352,-351,-351,-351,-350,-349,-341,-330,-355,-355,-329,-323,-418,-418,-473,-473,-473,-420,-11931,-6525,-29964,-29966,-29980,-29981,-29984,-29985]} 1. d4 d5 2. c4 dxc4 3. Nf3 Nf6 4. e3 e6 5. Bxc4 c5 6. O-O Nc6 7. Qe2 a6 8. Nc3 b5 {D28: Angenommenes Damengambit (Hauptvariante 7.De2 nebst Sc6)} 9. Bd3 (9. Bb3 Bb7 10. Rd1 Na5 11. Bc2 Qc7 12. e4 cxd4 13. Nxd4 Bd6 14. Kh1 Be5 15. Nf3 Bxc3 16. bxc3 e5 17. Bg5 Nd7 18. a4 {1-0 (93) Tomashevsky,E (2758)-Donchenko,A (2577) Berlin 2015}) 9... Bb7 {[%cal Rc5d4] LiveBook: 6 Partien} 10. a4 bxa4 {[%cal Rc5d4] Die Stellung ist ausgeglichen.} 11. Rxa4 $146 {[%cal Rd3a6]} ({Vorgänger:} 11. Rd1 Qc7 12. Rxa4 Nb4 13. Bb1 Be7 14. e4 cxd4 15. Nxd4 O-O 16. e5 Nd7 17. Bf4 {1-0 (27) Hertneck,G (2435)-Klundt,K (2410) Kecskemet 1988}) 11... Nb4 12. Bb1 cxd4 13. Nxd4 Be7 14. Rd1 Qb6 15. e4 Rd8 16. Be3 {Droht Sc2 und aus.} Bc5 {[%cal Rd8d4]} 17. Qc4 Rc8 (17... a5 {keeps more tension.} 18. Nxe6 Rxd1+ 19. Nxd1 Bxe3 20. Nxg7+ Kf8) 18. Nxe6 Bxe3 19. Nxg7+ Kf8 20. Qxb4+ Kxg7 21. Qxb6 Bxb6 22. Rb4 $1 {[%cal Rb4b6]} Rc6 {zielt auf ...Sg4 ab.} 23. e5 Re8 24. exf6+ Rxf6 25. Kh1 {[#]} (25. h3 $11 {hält das Gleichgewicht.}) 25... Rfe6 (25... a5 $1 $17 {[%cal Ra5b4]} 26. Rb5 Rfe6) 26. h4 (26. Rf1 $11) 26... Bc7 ({Besser ist} 26... a5 $1 $15 27. Rg4+ Kh8) 27. f4 Ba8 $40 {[%mdl 128] Schwarz hat was vor.} 28. Kg1 Ba5 29. f5 $1 Re1+ 30. Kf2 $2 {[%mdl 8192]} (30. Rxe1 $15 Rxe1+ 31. Kf2 Bxb4 32. Kxe1) 30... Bxb4 $19 31. Rxe1 Bc5+ 32. Kf1 {[#]} Bxg2+ $1 {[%mdl 512]} 33. Kxg2 Rxe1 {[%mdl 4096] Endspiel KTL-KLS} 34. f6+ Kxf6 35. Bxh7 Bd4 {Droht stark ...Lxc3.} 36. Nd5+ Kg7 37. Bd3 a5 38. b3 Rg1+ 39. Kf3 Rh1 40. Kg4 Bf6 41. Ne3 Rxh4+ 42. Kf3 {Weiss hofft, mit Sf5+ fortzusetzen.} Kf8 43. Bc4 Bg5 {Weiss muss nun ...Lxe3 beachten.} 44. Ng4 f5 45. Ne5 {Jetzt Sg6+ und Weiss darf weiter klammern.} Kg7 46. Kg2 {[#]} (46. Bd5 $142) 46... a4 $1 47. bxa4 Re4 {Schwarz setzt Matt.} 48. Nf3 Rxc4 49. Nxg5 Rg4+ {Precision: Weiß = 33%, Schwarz = 75%.} 0-1

[Event "21st Hoogeveen Matches 2017"]
[Site "Hoogeveen"]
[Date "2017.10.24"]
[Round "4"]
[White "Wei, Yi"]
[Black "Ivanchuk, Vassily"]
[Result "1/2-1/2"]
[WhiteElo "2740"]
[BlackElo "2732"]
[Annotator "TA"]
[PlyCount "65"]
[EventDate "2017.??.??"]
[EventType "match"]
[EventCountry "NED"]
[SourceTitle "playchess.com"]
[Source "ChessBase"]
[SourceQuality "1"]

{[%evp 22,65,39,38,43,31,66,0,0,0,0,-18,25,31,30,40,41,43,61,57,52,0,0,0,9,3,24,19,19,0,0,0,0,0,0,0,0,0,0,0,0,0,0,0,0,0]} 1. e4 c5 2. Nf3 e6 3. d4 cxd4 4. Nxd4 Nc6 5. Nc3 a6 6. Nxc6 bxc6 7. Bd3 d5 8. O-O Qc7 {B46: Sicilian: Taimanov: 5 Nc3 a6} 9. Re1 Bb7 10. Qf3 Bd6 11. e5 Bf8 12. Ne2 {LiveBook: 4 Games} Ne7 13. Ng3 $146 ({Predecessor:} 13. Nf4 g6 14. Qg3 c5 15. c3 h5 16. h4 {1-0 (34) Anand,V (2779)-Svidler,P (2742) Rishon Le Ziyyon 2006}) 13... c5 14. c4 (14. c3 $14) 14... dxc4 $11 15. Be4 Nc6 16. Qc3 h5 17. Bg5 h4 18. Bxc6+ Bxc6 19. Ne4 {Black must now prevent Nd6+!} Bxe4 20. Rxe4 h3 21. Rd1 Be7 $1 {[%cal Re7g5]} 22. Bxe7 Qxe7 23. gxh3 O-O 24. Rxc4 Rfd8 {The position is equal.} 25. Rxd8+ Rxd8 26. Rxc5 {[%mdl 4096] Endgame KQR-KQR} Qg5+ 27. Qg3 Qd2 28. Qh4 Rb8 29. Qc4 Qg5+ 30. Qg4 Qd2 31. Qc4 Qg5+ 32. Qg4 Qd2 33. Qc4 {Precision: White = 49%, Black = 74%.} 1/2-1/2

[Event "21st Hoogeveen Matches 2017"]
[Site "Hoogeveen"]
[Date "2017.10.24"]
[Round "4"]
[White "Van Foreest, Jorden"]
[Black "Adhiban, B.."]
[Result "1-0"]
[WhiteElo "2609"]
[BlackElo "2671"]
[Annotator "TA"]
[PlyCount "95"]
[EventDate "2017.??.??"]
[EventType "match"]
[EventCountry "NED"]
[SourceTitle "playchess.com"]
[Source "ChessBase"]
[SourceQuality "1"]

{[%evp 16,95,24,19,17,21,30,24,30,40,38,0,3,22,48,37,150,144,147,150,154,145,162,159,148,154,149,150,158,150,158,152,163,148,140,141,156,156,199,194,197,199,200,204,191,197,272,270,276,276,265,159,173,160,163,158,145,87,263,266,268,262,331,319,340,337,337,303,672,666,659,659,659,659,656,638,1609,1546,5934,2972,12845,12846]} 1. e4 e5 2. Nf3 Nc6 3. Bc4 Nf6 4. d3 Bc5 5. c3 d6 6. a4 {C54: Giuoco Piano: 4 c3 Nf6, main lines with 5 d4 and 5 d3} (6. O-O O-O 7. Re1 a5 8. Nbd2 Be6 9. Bb5 Qb8 10. Nf1 Qa7 11. Be3 Bxe3 12. Nxe3 Ne7 13. a4 Ng6 14. Bc4 Bxc4 15. Nxc4 {½-½ (47) So,W (2810)-Ding,L (2777) Tbilisi 2017}) 6... a6 7. O-O Ba7 8. Na3 Ne7 9. Bg5 {LiveBook: 3 Games} Ng6 10. Nh4 Nxh4 11. Bxh4 h6 12. d4 {[%cal Bd3d4,Bd4e5][%mdl 32]} g5 13. Bg3 $1 h5 $146 {And now ...h4 would win.} ({Predecessor:} 13... Qe7 14. f3 Nh5 {1-0 (27) Lesiege,A (2521)-Masse,H (2179) Montreal 2016}) 14. f3 h4 15. Bf2 g4 (15... Qe7 $14) 16. dxe5 $16 {Hoping for Bxa7.} Bxf2+ 17. Rxf2 g3 18. Rd2 ({And not} 18. exf6 gxf2+ 19. Kxf2 Qxf6 $15) 18... gxh2+ 19. Kxh2 Nh5 20. f4 Nxf4 21. Qf3 Qg5 22. exd6 cxd6 23. Rf1 $1 $40 {[%mdl 128] White attacks with force.} Qg3+ 24. Qxg3 hxg3+ 25. Kxg3 Nh5+ 26. Kh2 Rh7 27. Rxd6 Ke7 28. Rb6 Nf6+ 29. Kg1 Nd7 30. Rb4 a5 (30... Nc5 $142 31. Bd5 Be6) 31. Rb5 $18 b6 32. Rbf5 f6 33. Bb5 {aiming for Nc4.} Ne5 34. Rxf6 Be6 {[#]} 35. R6f4 $1 Rah8 36. Kf2 (36. Re1 $142) 36... Ng4+ $2 (36... Rg7 $16 {keeps fighting.}) 37. Ke2 Rh2 {[#]} 38. Rg1 $1 R8h3 39. Nc2 Kd6 40. Nd4 Rg3 41. Kf1 Ke5 $2 (41... Ke7 42. Rf3 Rxf3+ 43. gxf3 Ne3+ 44. Ke1 Kf6) 42. Rf3 {White is clearly winning.} Ne3+ 43. Kf2 Rgxg2+ 44. Rxg2 Nxg2 45. Kg1 Nh4 46. Kxh2 Nxf3+ 47. Nxf3+ Kxe4 48. Ng5+ {Precision: White = 92%, Black = 55%.} 1-0

[Event "21st Hoogeveen Matches 2017"]
[Site "Hoogeveen"]
[Date "2017.10.25"]
[Round "5"]
[White "Ivanchuk, Vassily"]
[Black "Wei, Yi"]
[Result "1/2-1/2"]
[WhiteElo "2732"]
[BlackElo "2740"]
[Annotator "TA"]
[PlyCount "153"]
[EventDate "2017.??.??"]
[EventType "match"]
[EventCountry "NED"]
[SourceTitle "playchess.com"]
[Source "ChessBase"]
[SourceQuality "1"]

{[%evp 20,153,8,12,14,-5,15,0,0,-27,-23,-39,-6,-39,-39,-61,-56,-70,-70,-58,-17,-20,-29,-28,0,0,0,0,37,39,117,117,117,117,117,117,117,117,117,117,117,116,118,116,117,117,123,123,143,118,139,116,133,116,116,116,116,0,116,112,114,114,114,114,114,115,117,115,133,115,133,0,116,116,112,112,105,112,112,86,86,0,45,5,5,5,5,5,27,27,79,79,152,152,152,152,163,152,163,152,152,152,163,163,163,163,163,152,163,163,163,5,6,6,6,0,0,0,0,0,0,0,0,0,0,0,0,0,0,0,0,0,0,0,0,0]} 1. d4 Nf6 2. c4 e6 3. Nc3 Bb4 4. e3 O-O 5. Bd3 c5 6. Nf3 d5 7. cxd5 exd5 {E53: Nimzo-Indian: Rubinstein: Main Line (4...0-0 5 Nf3 d5 6 Bd3 c5 7 0-0)} 8. dxc5 Nbd7 9. Bd2 Nxc5 10. Be2 Ne6 11. O-O {LiveBook: 3 Games} a6 12. Qb3 Be7 13. Nd4 $146 ({Predecessor:} 13. Rfd1 b5 14. Be1 Bb7 15. a3 {0-1 (62) Krush,I (2468)-Wojtaszek,R (2723) Doha 2015}) 13... Bc5 14. Nxe6 Bxe6 15. Qc2 (15. Qxb7 $2 Qd6 $19) 15... Qd6 16. Rfd1 Rac8 17. Be1 b5 18. Bf3 b4 {[#]} 19. Ne4 $1 {[%mdl 512]} dxe4 20. Rxd6 Bxd6 21. Qd1 Be5 22. Be2 (22. Bxb4 $2 Rfd8 $19) 22... Bxb2 23. Rb1 Bc3 24. Bxa6 Bxa2 (24... Ra8 $14 25. Qe2 h6) 25. Bxc3 $16 ({Resist} 25. Bxc8 $6 Bxb1 26. Bxc3 (26. Qxb1 Rxc8 27. Bxc3 bxc3 $11) 26... bxc3 $14) 25... bxc3 {[#]} 26. Ra1 $1 $36 {[%mdl 2048] White is on the roll.} c2 27. Qc1 Bb1 28. Bxc8 Rxc8 29. Rxb1 cxb1=Q 30. Qxb1 {[%mdl 4096] Endgame KQ-KRN} h6 31. h3 Rd8 32. Qb2 Re8 33. Qd4 Re6 34. Kh2 g5 35. Kg1 Nh7 36. Qd1 Nf6 37. Kh2 Kg7 38. Qd4 (38. h4 $16) 38... Re7 (38... Kg8 $1 $11) 39. f3 Re6 40. Kg1 exf3 41. gxf3 Kg8 42. Kf2 Nh7 43. Kg3 Nf8 44. Kg4 Rg6 45. Kg3 ({White should play} 45. h4 $16) 45... Ne6 (45... Re6 $11 {keeps the balance.}) 46. Qe5 (46. Qd5 {with more complications.} Ng7 47. Kf2 Re6 48. Qd3 f5 49. Qd7) 46... Ng7 47. Kf2 Re6 48. Qd5 Kh7 49. h4 gxh4 50. e4 ({White should try} 50. Qd3+ $16 Rg6 51. Qf1) 50... f5 51. e5 {[%mdl 1024] Black must now prevent Kg2. White has compensation.} (51. exf5 $6 Rf6 $18) 51... Rg6 $1 52. Qd8 h3 53. Qh4 Re6 54. Qg3 {Kf1 is the strong threat.} Re7 (54... Rb6 $11 55. Qxh3 Rb2+ 56. Ke1 Rb4) 55. Kg1 Re6 (55... Rb7 $142) 56. Kh2 ({Much less strong is} 56. Qxh3 Rxe5 57. Qh4 Re6 $16) 56... Rg6 57. Qf4 Rg5 58. Kxh3 Rg6 59. Kh2 Rg5 60. Qc4 {And now e6 would win.} Rg6 61. Qf7 Re6 {[#]} 62. Qc7 $1 Rg6 63. Kh3 Kg8 64. Qc8+ Kh7 65. f4 $2 (65. Qd7 $18) 65... Rg4 $11 {The position is equal.} 66. Qc4 {aiming for e6.} Nh5 67. e6 Nxf4+ 68. Kh2 Nh5 69. Qc7+ Ng7 $1 70. Qf7 Rh4+ 71. Kg2 Rg4+ 72. Kf3 Re4 73. e7 Re5 74. Qf6 Re4 75. Qf7 {Strongly threatening Kg3.} Re5 76. Kg3 {Hoping for Kf3.} Re3+ 77. Kg2 {Precision: White = 46%, Black = 57%.} 1/2-1/2